[Event "29th Spring Festival"]
[Site "Budapest HUN"]
[Date "2013.03.27"]
[Round "9.15"]
[White "Schatzer,A"]
[Black "Dlauchy,P"]
[Result "1/2-1/2"]
[WhiteElo "1782"]
[BlackElo "1832"]

1.Nf3 d5 2.c4 e6 3.g3 Nf6 4.Bg2 Be7 5.O-O O-O 6.b3 c5 7.cxd5 exd5 8.d4 Nc6
9.Bb2 Bf5 10.dxc5 Bxc5 11.Nc3 Be4 12.Rc1 Be7 13.Nxe4 Nxe4 14.Nd2 f5 15.Nf3 Qd6
16.Nd4 a6 17.f3 Ng5 18.h4 Qxg3 19.hxg5 Bxg5 20.Rc3 Bf4 21.Re1 Rf6 22.Nxc6 bxc6
23.e3 Re8 24.Re2 Qh2+ 25.Kf1 Rfe6 26.Bc1 d4 27.Qxd4 Be5 28.Qc4 Bxc3 29.Qxc3 Rd6
30.Rd2 Red8 31.Qc4+ Kh8 32.Qxa6 h6 33.Rxd6 Qxd6 34.Qc4 Qf6 35.Qc2 Qd6 36.Ke2 Qg3
37.Kf1 Qd6 38.Ke2  1/2-1/2

[Event "17th Neckar Open"]
[Site "Deizisau GER"]
[Date "2013.03.28"]
[Round "1.13"]
[White "Anton Guijarro,D"]
[Black "Brandt,Se"]
[Result "1-0"]
[WhiteElo "2546"]
[BlackElo "2105"]

1.Nf3 d5 2.c4 d4 3.g3 Nc6 4.Bg2 e5 5.O-O Bd6 6.e3 Bg4 7.d3 Qd7 8.exd4 Nxd4
9.Be3 Nxf3+ 10.Bxf3 Bxf3 11.Qxf3 c5 12.Nc3 Rc8 13.Ne4 b6 14.Nxd6+ Qxd6 15.Qg4 Ne7
16.Qxg7 Kd7 17.Qxf7 Rcf8 18.Qh5 Rf5 19.Qh3 Kc7 20.Rad1 h5 21.f4 Rg8 22.fxe5 Qxe5
23.Rde1 Kb7 24.Bf2 Qf6 25.Rxe7+ Ka6 26.Ree1 h4 27.Qg2 Rf3 28.Bxc5  1-0

[Event "ch-Moscow 2013"]
[Site "Moscow RUS"]
[Date "2013.03.28"]
[Round "6.5"]
[White "Mozharov,M"]
[Black "Oparin,G"]
[Result "1/2-1/2"]
[WhiteElo "2523"]
[BlackElo "2496"]

1.Nf3 d5 2.c4 e6 3.g3 dxc4 4.Bg2 a6 5.O-O Nf6 6.Qc2 Nbd7 7.a4 Nc5 8.Qxc4 Qd5
9.Qa2 Qxa2 10.Rxa2 Nb3 11.d4 Nd5 12.Nbd2 Nxc1 13.Rxc1 a5 14.Ne5 c6 15.Nb3 Bd6
16.Nd3 O-O 17.Raa1 Rd8 18.f4 Nb4 19.Nxb4 Bxb4 20.Rd1 Rb8 21.Rac1 Bd7 22.Nc5 Be8
23.Kf2 Kf8 24.e3 Ke7 25.Nd3 Bd6 26.e4 Bc7 27.Nc5 Bb6 28.e5 Ba7 29.Ke3 b5
30.Ne4 bxa4 31.Nd6 Rxb2 32.Bxc6 Bxc6 33.Rxc6 Bb8 34.Nc4 Rb5 35.Rd3 Kd7 36.Ra6 Bc7
37.Nd6 Bxd6 38.Rxd6+ Ke8 39.Ra6 h5 40.h3 g6  1/2-1/2

[Event "7th Philadelphia Open"]
[Site "Philadelphia USA"]
[Date "2013.03.28"]
[Round "3"]
[White "Cheng,Bi"]
[Black "King,Alexander B"]
[Result "1/2-1/2"]
[WhiteElo "2409"]
[BlackElo "2244"]

1.Nf3 d5 2.c4 c6 3.e3 Nf6 4.Nc3 g6 5.d4 Bg7 6.Bd3 O-O 7.O-O Bg4 8.h3 Bxf3
9.Qxf3 dxc4 10.Bxc4 Nbd7 11.Rd1 Qc7 12.Bb3 e5 13.Bd2 Rfe8 14.Rac1 Qd6 15.d5 e4
16.Qe2 Nxd5 17.Bxd5 cxd5 18.Nb5 Qa6 19.Bc3 Ne5 20.Rc2 Rac8 21.Rxd5 Qxa2 22.Rd1 Qa6
23.Nd6 Qxe2 24.Rxe2 Red8 25.Red2 Rc7 26.Nxe4 Rcd7 27.Nd6 f5 28.f4 Nf7 29.Bxg7 Rxd6
30.Rxd6 Rxd6 31.Bd4 Nd8 32.Ra1 Nc6 33.Bc3 Kf7 34.Kf2 Ke6 35.g4 b5 36.b4 Rd3
37.Rc1 Kd5 38.Ke2 Ke4 39.Bd2 Rd6 40.Rc5 a6 41.g5 Re6 42.h4 Rd6 43.Bc3 Re6
44.Bd2 Rd6  1/2-1/2

[Event "O2C Doeberl Cup Premier 2013"]
[Site "Canberra AUS"]
[Date "2013.03.29"]
[Round "3.5"]
[White "Sethuraman,S"]
[Black "Tan,Ju2"]
[Result "1-0"]
[WhiteElo "2532"]
[BlackElo "2269"]

1.Nf3 d5 2.c4 c6 3.e3 Nf6 4.Nc3 e6 5.b3 Nbd7 6.Qc2 Bd6 7.Bb2 O-O 8.Be2 b6
9.Rg1 Bb7 10.g4 Qe7 11.g5 Ne8 12.h4 Ba3 13.Bxa3 Qxa3 14.h5 e5 15.cxd5 cxd5
16.Qf5 Rd8 17.g6 fxg6 18.Qe6+ Kh8 19.Ng5 Nc5 20.Qxe5 d4 21.exd4 Rf5 22.Qe3 Nxb3
23.Nb5 Qb2 24.Rd1 Nxd4 25.Nxd4 Qxd4 26.hxg6 Qxe3 27.fxe3 hxg6 28.e4 Rxg5
29.Rxg5 Bxe4 30.Bc4 Nd6 31.Bd5 Re8 32.Kf2 Rf8+ 33.Ke3 Rf3+ 34.Ke2 Rf4 35.Bxe4 Rxe4+
36.Kf3 Re6 37.d4 Kg8 38.Re5 Kf7 39.Rc1 Re7 40.Rc6 Re6 41.Rc7+ Kf6 42.Rxe6+ Kxe6
43.Rxa7 g5 44.Rxg7 Nf5 45.Rg6+  1-0

[Event "36th San Sebastian Open"]
[Site "Donostia ESP"]
[Date "2013.03.29"]
[Round "8.7"]
[White "Panelo,M"]
[Black "Silva Rodriguez,J"]
[Result "1-0"]
[WhiteElo "2429"]
[BlackElo "2141"]

1.Nf3 d5 2.c4 e6 3.g3 Nf6 4.b3 Be7 5.Bg2 O-O 6.O-O b6 7.Bb2 c5 8.e3 Nc6 9.Nc3 Bb7
10.cxd5 exd5 11.d4 Rc8 12.Rc1 Qd7 13.Ne2 Ba6 14.Re1 Bxe2 15.Qxe2 Qe6 16.Ng5 Qf5
17.h4 Rcd8 18.dxc5 bxc5 19.e4 Qg6 20.exd5 Nxd5 21.Be4 f5 22.Bxd5+ Rxd5 23.Qc4 Rd8
24.Rcd1 Na5 25.Qxd5+ Rxd5 26.Rxd5 Bxg5 27.hxg5 Nc6 28.Rd7 Nd4 29.Bxd4 cxd4
30.Ree7 h6 31.Rxg7+ Qxg7 32.Rxg7+ Kxg7 33.gxh6+ Kxh6 34.Kf1 d3 35.Ke1 Kg5
36.Kd2 Kg4 37.Ke3 d2 38.Kxd2 Kf3 39.Ke1  1-0

[Event "7th Philadelphia Open"]
[Site "Philadelphia USA"]
[Date "2013.03.29"]
[Round "5"]
[White "Margvelashvili,G"]
[Black "Homa,S"]
[Result "1-0"]
[WhiteElo "2565"]
[BlackElo "2307"]

1.Nf3 d5 2.c4 e6 3.g3 Nf6 4.Bg2 Be7 5.b3 O-O 6.Bb2 c5 7.O-O Nc6 8.cxd5 Nxd5
9.d4 cxd4 10.Nxd4 Nxd4 11.Qxd4 Bf6 12.Qd2 Bxb2 13.Qxb2 Qf6 14.Qxf6 Nxf6 15.Na3 Rb8
16.Nb5 Bd7 17.Nd6 Bc6 18.Bxc6 bxc6 19.Rfc1 Rb6 20.Nc4 Rb5 21.Nb2 Rc8 22.Rc4 g6
23.Rac1 Rd5 24.Nd3 Ra5 25.a4 Rb8 26.Rb4 Rc8 27.Nc5 Rd8 28.Rb7 Rd5 29.b4 Rdxc5
30.Rxc5 Rxa4 31.Ra5  1-0

[Event "e2e4 Dublin Masters"]
[Site "Dublin IRL"]
[Date "2013.03.30"]
[Round "4"]
[White "Firstov,J"]
[Black "Fox,An"]
[Result "1/2-1/2"]
[WhiteElo "2261"]
[BlackElo "2108"]

1.Nf3 d5 2.c4 e6 3.g3 Nf6 4.b3 Be7 5.Bb2 O-O 6.Bg2 c5 7.cxd5 exd5 8.O-O Nc6
9.d4 Be6 10.Nc3 Rc8 11.dxc5 Bxc5 12.Na4 Be7 13.Nd4 Bg4 14.Nxc6 bxc6 15.Rc1 Re8
16.Re1 h5 17.Qd3 Bb4 18.Bc3 Bd6 19.Bd4 Bb4 20.Bc3 Bd6 21.Bd4 Bb4 22.Bc3 Bd6  1/2-1/2

[Event "ch-WLS 2013"]
[Site "Cardiff WLS"]
[Date "2013.03.31"]
[Round "4.4"]
[White "Rees,I"]
[Black "Ralphs,Nigel"]
[Result "1-0"]
[WhiteElo "2248"]
[BlackElo "1917"]

1.Nf3 d5 2.c4 c6 3.e3 Nf6 4.Nc3 g6 5.b3 Bg7 6.Bb2 O-O 7.Be2 Re8 8.d4 Bf5
9.O-O Nbd7 10.h3 Ne4 11.Nxe4 Bxe4 12.Nd2 Bf5 13.g4 Be6 14.f4 f5 15.g5 Nc5
16.Kg2 a5 17.Rc1 Ne4 18.Nxe4 fxe4 19.Bg4 Qd7 20.Rf2 Rec8 21.Rfc2 a4 22.bxa4 dxc4
23.Rxc4 Bf5 24.Kg3 Ra5 25.Qb3 e6 26.Bc3 Rd5 27.Be2 b5 28.axb5 Rxb5 29.Rb4 Rxb4
30.Bxb4 Qb7 31.Bc4 Kf7 32.Bc5 Qxb3 33.Bxb3 Ke8 34.Rc4 Kd7 35.Ra4 h6 36.h4 hxg5
37.hxg5 Bf8 38.Ra7+ Ke8 39.Rh7 Bxc5 40.dxc5 Kd8 41.Kf2 Rb8 42.Rh8+ Kc7 43.Rxb8 Kxb8
44.Ke1  1-0

[Event "Easter Open 2013"]
[Site "Oberhausen GER"]
[Date "2013.03.31"]
[Round "6.4"]
[White "Hort,V"]
[Black "Nagel,B"]
[Result "1/2-1/2"]
[WhiteElo "2453"]
[BlackElo "2191"]

1.Nf3 d5 2.c4 c6 3.b3 Nf6 4.Bb2 Bf5 5.d3 h6 6.g3 e6 7.Bg2 Nbd7 8.O-O Bc5
9.Nc3 O-O 10.e3 Qe7 11.a3 a5 12.cxd5 exd5 13.Re1 Rad8 14.Ne2 Bh7 15.Qc2 Bd6
16.Ned4 Nc5 17.Red1 Ng4 18.Qc3 Ne6 19.Qxa5 Ra8 20.Qc3 Bxa3 21.Rxa3 Rxa3 22.Bxa3 Qxa3
23.Ra1 Qc5 24.Qd2 Nxd4 25.Nxd4 Ne5 26.b4 Qb6 27.Ra3 Nxd3 28.Rxd3 Bxd3 29.Qxd3 Qxb4
30.Bf3 Ra8 31.Kg2 g6 32.h4 Ra1 33.Nb3 Ra3 34.Bd1 f5 35.h5 Qc4 36.Qb1 Qe4+
37.Qxe4 fxe4 38.hxg6 b6 39.Nd4 c5  1/2-1/2

[Event "7th Philadelphia Open"]
[Site "Philadelphia USA"]
[Date "2013.03.31"]
[Round "8"]
[White "Williams,Justus D"]
[Black "Kumar,Aravind"]
[Result "1-0"]
[WhiteElo "2188"]
[BlackElo "2007"]

1.Nf3 d5 2.c4 c6 3.g3 Nf6 4.Bg2 e6 5.O-O Bd6 6.d4 Nbd7 7.Qc2 O-O 8.Rd1 Qe7
9.b3 Ne4 10.Ne1 f5 11.f3 Nef6 12.Nc3 dxc4 13.bxc4 e5 14.e3 g6 15.Nd3 Rd8
16.Bb2 Rb8 17.Re1 Qf7 18.Qb3 Re8 19.f4 e4 20.Ne5 Bxe5 21.fxe5 Nh5 22.g4 Ng7
23.gxf5 gxf5 24.Kh1 Nb6 25.d5 cxd5 26.cxd5 Rxe5 27.Rg1 Nd7 28.Ne2 Qxd5 29.Qxd5+ Rxd5
30.Bxg7 Kf7 31.Bd4 Nf6 32.Nf4 Ra5 33.Rgc1 Nd5 34.Nxd5 Rxd5 35.Rc7+ Rd7 36.Rc5 Re7
37.Bh3 b6 38.Rc6 Re6 39.Rc7+ Re7 40.Rac1 Be6 41.a3 Rb7 42.R7c6 Rb8  1-0

[Event "Norwegian Open 2013"]
[Site "Fagernes NOR"]
[Date "2013.04.02"]
[Round "9"]
[White "Holm,Kristian Stuvik"]
[Black "Astrup,K"]
[Result "1-0"]
[WhiteElo "2310"]
[BlackElo "2256"]

1.Nf3 d5 2.c4 d4 3.g3 Nc6 4.d3 e5 5.Bg2 Nf6 6.O-O Bd6 7.e3 O-O 8.exd4 exd4
9.Na3 Bc5 10.Nc2 Re8 11.Rb1 a5 12.a3 a4 13.b4 axb3 14.Rxb3 Bb6 15.Bg5 Bg4
16.h3 Bh5 17.Nb4 Nxb4 18.axb4 c6 19.b5 c5 20.g4 Bg6 21.Nh4 Ra7 22.Nxg6 fxg6
23.Qf3 Qd6 24.Bf4 Qe7 25.Rbb1 h6 26.Ra1 Rea8 27.Rae1 Qd8 28.Re6 g5 29.Be5 Ne8
30.Qd5  1-0

[Event "1st Hofheim Open"]
[Site "Hofheim GER"]
[Date "2013.04.02"]
[Round "1.14"]
[White "Willems,M"]
[Black "Lampert,J"]
[Result "0-1"]
[WhiteElo "2027"]
[BlackElo "2284"]

1.Nf3 d5 2.c4 d4 3.b4 a5 4.b5 g6 5.d3 Bg7 6.g3 e5 7.Bg2 Ne7 8.a4 O-O 9.Ba3 Re8
10.O-O h6 11.Nbd2 Be6 12.Nb3 Nd7 13.Qd2 b6 14.Rac1 Rb8 15.e3 dxe3 16.fxe3 Nf5
17.d4 Nd6 18.Bxd6 cxd6 19.d5 Bg4 20.Nh4 Bf6 21.Qf2 Rf8 22.Nf3 Bxf3 23.Qxf3 Bg7
24.Bh3 Nf6 25.e4 Nh7 26.c5 dxc5 27.Nd2 Ng5 28.Qg2 f5 29.Rfd1 Qf6 30.exf5 gxf5
31.Nc4 e4 32.Qf1 f4 33.gxf4 Nf3+ 34.Kh1 Qxf4 35.Qe2 Qh4 36.Qg2 Kh8 37.Qg3 Qxg3
38.hxg3 Bd4 39.Bg2 Rf5 40.Bh3 Rxd5 41.Kg2 Ne5 42.Ne3 Rdd8 43.Nf5 Nd3 44.Rc2 Bf6
45.Rf1 Bg5 46.Re2 e3 47.Ne7 Bxe7 48.Rxe3 Bg5 49.Ref3 Ne5 50.Rf5 Nc4 51.Re1 Ne3+  0-1

[Event "1st Hofheim Open"]
[Site "Hofheim GER"]
[Date "2013.04.03"]
[Round "2.3"]
[White "Hess,C1"]
[Black "Rusev,K"]
[Result "1/2-1/2"]
[WhiteElo "2253"]
[BlackElo "2532"]

1.Nf3 d5 2.c4 e6 3.g3 dxc4 4.Bg2 a6 5.O-O Nc6 6.Na3 Bxa3 7.bxa3 Nge7 8.Bb2 f6
9.Qc2 b5 10.Rfd1 Bb7 11.d3 cxd3 12.Rxd3 Qc8 13.Bh3 O-O 14.Rad1 Qe8 15.Bxe6+ Kh8  1/2-1/2

[Event "1st Hofheim Open"]
[Site "Hofheim GER"]
[Date "2013.04.05"]
[Round "6.6"]
[White "Blechzin,I"]
[Black "Lampert,J"]
[Result "1/2-1/2"]
[WhiteElo "2440"]
[BlackElo "2284"]

1.Nf3 d5 2.c4 d4 3.e3 Nc6 4.exd4 Nxd4 5.Nxd4 Qxd4 6.Nc3 Nf6 7.Be2 g6 8.Nb5 Qd8
9.d4 c6 10.Nc3 Bg7 11.O-O O-O 12.Bf4 Bf5 13.Bf3 Qd7 14.h3 h5 15.Qd2 Rad8
16.Rad1 Qc8 17.Rfe1 Rfe8 18.Be5 Nd7 19.Bxg7 Kxg7 20.d5 Nf6 21.Qd4 a6 22.Qe5 c5
23.a4 a5 24.Rd2 Qb8 25.Nb5 Qxe5 26.Rxe5 Nd7 27.Re1 Nb6 28.b3 Nc8 29.d6 Nxd6
30.Nxd6 exd6 31.Rxe8 Rxe8 32.Rxd6 Re6  1/2-1/2

[Event "1st Hofheim Open"]
[Site "Hofheim GER"]
[Date "2013.04.05"]
[Round "6.12"]
[White "Hess,C1"]
[Black "Fischer,Alexander"]
[Result "1-0"]
[WhiteElo "2253"]
[BlackElo "2022"]

1.Nf3 d5 2.c4 c6 3.e3 Nf6 4.Nc3 e6 5.b3 Nbd7 6.Qc2 Bd6 7.Bb2 b6 8.d4 Bb7
9.Bd3 Qe7 10.O-O O-O 11.Rad1 Rac8 12.Qe2 Rfd8 13.e4 dxe4 14.Nxe4 Bb8 15.Rfe1 Nh5
16.g3 Ndf6 17.Ne5 c5 18.dxc5 Bxe4 19.Bxe4 Nxe4 20.Qxe4 Qxc5 21.Nc6 Rxd1 22.Rxd1 Nf6
23.Bxf6 gxf6 24.Nxb8 Rxb8 25.Rd7 a5 26.Qf4 Qe5 27.Qxe5 fxe5 28.a4 Kg7 29.Kf1 Kg6
30.Ke2 Rc8 31.Rd6 Rb8 32.Ke3 Rb7 33.Ke4 Kf6 34.Rd8 Rc7 35.Rd6 Rb7 36.Rd8 Rc7
37.Rh8 Rd7 38.Rb8 Rd4+ 39.Ke3 Rd6 40.Rb7 h5 41.Rb8 Kg7 42.c5 bxc5 43.Rb5 f5
44.f3 f4+ 45.gxf4 exf4+ 46.Kxf4 Rd3 47.Rxc5 Rxb3 48.Rxa5 Kf6 49.Rb5 Ra3 50.Rb4 Ra2
51.h4 Rh2 52.Ke3 Ra2 53.Kd4 e5+ 54.Kc5 Ra3 55.f4 exf4 56.Rxf4+ Ke5 57.Rb4 Rg3
58.a5 Rc3+ 59.Kb6 Kd6 60.a6 Rc6+ 61.Kb7 Rc7+ 62.Kb8 Rh7 63.Rc4 Rh8+ 64.Rc8 Kd7
65.Rxh8  1-0

[Event "TCh-CAT Div Hon 2013"]
[Site "Catalonia ESP"]
[Date "2013.04.06"]
[Round "10.3"]
[White "Baron Isanta,J"]
[Black "Delorme,Ax"]
[Result "0-1"]
[WhiteElo "2356"]
[BlackElo "2471"]

1.Nf3 d5 2.c4 d4 3.b4 g6 4.Bb2 Bg7 5.g3 Nh6 6.Bg2 Nf5 7.d3 h5 8.h4 Nd7 9.Nbd2 Nf6
10.Nh2 c6 11.Nb3 Qd6 12.c5 Qc7 13.O-O Nd5 14.Qe1 e5 15.b5 O-O 16.Qa5 Qd7
17.bxc6 bxc6 18.Rfc1 Bh6 19.Rc4 Nde3 20.fxe3 Bxe3+ 21.Kf1 Nxg3+ 22.Ke1 Qf5
23.Nf3 Qg4 24.Bc1 Nxe2 25.Bxe3 Qxg2 26.Qd2 Qxf3 27.Qxe2 Qxe3 28.Qxe3 dxe3
29.Re4 f6 30.Rxe3 Be6 31.Na5 Bd5 32.Kd2 Rab8 33.Rg3 Kh7 34.Nb3 Rb4 35.Kc3 Rxh4  0-1

[Event "1st Hofheim Open"]
[Site "Hofheim GER"]
[Date "2013.04.06"]
[Round "8.2"]
[White "Rusev,K"]
[Black "Lampert,J"]
[Result "1-0"]
[WhiteElo "2532"]
[BlackElo "2284"]

1.Nf3 d5 2.c4 d4 3.b4 f6 4.d3 e5 5.Ba3 a5 6.b5 Bxa3 7.Nxa3 Ne7 8.g3 c5 9.bxc6 Nbxc6
10.Bg2 O-O 11.O-O Be6 12.Rb1 Qd7 13.Nd2 Nb4 14.Nc2 Nec6 15.a3 Na6 16.Rb5 Qc7
17.Qb1 Rab8 18.Qb2 Nd8 19.e3 Bf5 20.Ne4 Bd7 21.exd4 exd4 22.Rb6 Nb4 23.Rxf6 gxf6
24.axb4 Ne6 25.bxa5 f5 26.Nd2 Qxa5 27.Nxd4 Nxd4 28.Qxd4 Bc6 29.Qf4 Bxg2 30.Kxg2 Qc3
31.d4 Rbd8 32.d5 b5 33.Re1 bxc4 34.d6 Rd7 35.Re6 Qd3 36.Qxc4 Qxc4 37.Nxc4 Kf7
38.Rh6 Kg7 39.Rh4 Re8 40.Kf3 Re6 41.Kf4 Re2 42.f3 Kf6 43.Rh5 Rc2 44.Ne3 Ra2
45.Rh6+ Kg7 46.Nxf5+ Kg8 47.h4 Ra4+ 48.Kg5 Ra3 49.Rf6 Ra5 50.h5 Rg7+ 51.Kh4 Rd7
52.g4 Rb7 53.h6 Re5 54.Ne7+ Rexe7 55.dxe7 Rxe7 56.f4 Re8  1-0

[Event "TCh-AUT 2 East 2012-13"]
[Site "Austria AUT"]
[Date "2013.04.07"]
[Round "11.1"]
[White "Baumegger,S"]
[Black "Schneider Zinner,H"]
[Result "1-0"]
[WhiteElo "2462"]
[BlackElo "2369"]

1.Nf3 d5 2.c4 e6 3.d4 Nf6 4.g3 Bb4+ 5.Bd2 Be7 6.Bg2 c6 7.Qc2 Nbd7 8.O-O O-O
9.Bf4 b6 10.Rd1 Ba6 11.b3 Rc8 12.Nc3 Nh5 13.Bc1 Nhf6 14.e4 dxc4 15.Nd2 c5
16.d5 exd5 17.exd5 Bd6 18.Nxc4 Bxc4 19.bxc4 Ne5 20.Nb5 Bb8 21.Bb2 a6 22.Na7 Bxa7
23.Bxe5 Bb8 24.d6 Nd7 25.Bb2 b5 26.Bb7 Nb6 27.cxb5 axb5 28.Bxc8 Qxc8 29.Qc3 f6
30.Qb3+  1-0

[Event "23rd ch-SLO 2013"]
[Site "Sentjur SLO"]
[Date "2013.04.09"]
[Round "4.5"]
[White "Beliavsky,A"]
[Black "Debevec,B"]
[Result "1-0"]
[WhiteElo "2637"]
[BlackElo "2069"]

1.Nf3 d5 2.c4 c6 3.b3 Nf6 4.Bb2 Bf5 5.d3 e6 6.Nbd2 Nbd7 7.Nh4 Bg6 8.g3 Be7
9.Nxg6 hxg6 10.Bg2 Qb6 11.O-O Rd8 12.Rb1 Bc5 13.b4 Be7 14.Bc3 Qc7 15.b5 c5
16.cxd5 exd5 17.Rc1 Qb8 18.e3 O-O 19.Qc2 Rfe8 20.a4 b6 21.Ra1 Nf8 22.a5 Ne6
23.axb6 axb6 24.Bb2 Bd6 25.Bxf6 gxf6 26.Bxd5 Bxg3 27.fxg3 Rxd5 28.Ne4 Qe5
29.Nxf6+ Kf8 30.Qf2 Ng5 31.Nh7+  1-0

[Event "23rd ch-SLO 2013"]
[Site "Sentjur SLO"]
[Date "2013.04.09"]
[Round "5.26"]
[White "Volcansek,Joze"]
[Black "Nikolic,Stank"]
[Result "1-0"]
[WhiteElo "1669"]
[BlackElo "1898"]

1.Nf3 d5 2.c4 e6 3.b3 Nf6 4.Bb2 Be7 5.e3 Nbd7 6.d4 c6 7.Bd3 O-O 8.O-O b6
9.Ne5 Nxe5 10.dxe5 Nd7 11.Nd2 Bb7 12.f4 g6 13.Nf3 c5 14.Qe1 a5 15.a4 Qc7
16.Rd1 Rfe8 17.Qg3 Bf8 18.Rd2 Bg7 19.Qh4 Qd8 20.Qg3 Qe7 21.h4 Rad8 22.Rfd1 Nf8
23.Qg5 h5 24.cxd5 Qxg5 25.hxg5 exd5 26.Be4 Ne6 27.Bxd5 Bxd5 28.Rxd5 Rxd5
29.Rxd5 Bf8 30.Nd2 Rb8 31.Bc3 b5 32.g3 b4 33.Bb2 Be7 34.Nc4 Bd8 35.Rd7 Bc7
36.e4 Kf8 37.f5 Nxg5 38.Rxc7 Nxe4 39.Nd6  1-0

[Event "15th Dubai Open 2013"]
[Site "Dubai UAE"]
[Date "2013.04.10"]
[Round "4.4"]
[White "Mchedlishvili,M"]
[Black "Volkov,Sergey1"]
[Result "0-1"]
[WhiteElo "2640"]
[BlackElo "2593"]

1.Nf3 d5 2.c4 c6 3.g3 Nf6 4.Bg2 Bf5 5.cxd5 cxd5 6.Qb3 Nc6 7.Qxb7 Rc8 8.O-O e5
9.d3 Be7 10.Qb3 O-O 11.Qd1 h6 12.Nc3 Re8 13.Nh4 Bg4 14.h3 Be6 15.e4 Qd7 16.Kh2 Red8
17.exd5 Nxd5 18.Nxd5 Bxd5 19.Bxd5 Qxd5 20.Nf5 Bf8 21.Qg4 Kh7 22.b3 Qxd3 23.Ba3 g6
24.Bxf8 Rxf8 25.Ne3 Nd4 26.Nc4 h5 27.Qd1 Qe4 28.f4 h4 29.Qg4 Qc2+ 30.Kh1 Qe4+
31.Kh2 hxg3+ 32.Qxg3 Nf5 33.Qf2 exf4 34.Rae1 Qd3 35.Qxf4 Rfe8 36.Qf2 Rcd8
37.Rxe8 Rxe8 38.Re1 Rxe1 39.Qxe1 Qf3 40.Qg1 Qf4+ 41.Kh1 Nh4 42.Ne3 Qe4+ 43.Ng2 Nf3
44.Qf1 g5 45.h4 gxh4 46.Qc1 h3 47.Ne3 Nd2+  0-1

[Event "15th Dubai Open 2013"]
[Site "Dubai UAE"]
[Date "2013.04.11"]
[Round "5.32"]
[White "Rahman,Zia"]
[Black "Olsarova,T"]
[Result "1-0"]
[WhiteElo "2511"]
[BlackElo "2260"]

1.Nf3 d5 2.c4 c6 3.e3 Nf6 4.d4 e6 5.Bd3 dxc4 6.Bxc4 Nbd7 7.O-O Bd6 8.Nc3 O-O
9.e4 e5 10.h3 Qc7 11.Be3 Rd8 12.Bxf7+ Kxf7 13.Ng5+ Ke7 14.Qb3 Rf8 15.Rad1 exd4
16.Qe6+ Kd8 17.Bxd4 Ne5 18.Bxe5 Bxe6 19.Nxe6+ Kc8 20.Bxd6  1-0

[Event "10th Balagne Rapid Open"]
[Site "Calvi FRA"]
[Date "2013.04.13"]
[Round "9"]
[White "Fressinet,L"]
[Black "Humeau,C"]
[Result "1/2-1/2"]
[WhiteElo "2706"]
[BlackElo "2312"]

1.Nf3 d5 2.c4 e6 3.g3 Nf6 4.Bg2 dxc4 5.Qa4+ Nbd7 6.Qxc4 a6 7.Qc2 c5 8.Nc3 Be7
9.O-O O-O 10.d4 cxd4 11.Nxd4 Qc7 12.Nb3 Rb8 13.Bf4 e5 14.Bg5 h6 15.Bxf6 Nxf6
16.Rac1 Bd7 17.Nd5 Qd6 18.Rfd1 Rfc8 19.Qd2 Rxc1 20.Qxc1 Nxd5 21.Rxd5 Qc6
22.Qe3 Qc7 23.Qxe5 Qxe5 24.Rxe5 Bf6 25.Rd5 Be6 26.Rd2 b6 27.h4 Bxb3 28.axb3 Rd8
29.Bd5 Kf8 30.e4 Be7 31.Kg2 Bc5 32.f4 a5 33.Kf3 h5 34.g4 hxg4+ 35.Kxg4 Ke7
36.h5 Be3 37.Rc2 Bc5 38.Kf3 f5 39.Rh2 fxe4+ 40.Kxe4 Rd6 41.Rg2 Kf8 42.Rg5 Rf6
43.f5 Rh6 44.Bc4 Be7 45.Rg6 Rxg6 46.fxg6 Bf6 47.Kd5 Bxb2 48.Kc6 Bd4 49.Kd5 Bb2
50.Ke6 Bd4 51.Bb5 Bb2 52.Bc4 Bd4 53.Bb5  1/2-1/2

[Event "4th LUCOPEN 2013"]
[Site "Lille FRA"]
[Date "2013.04.13"]
[Round "1.24"]
[White "Loiseau,Q"]
[Black "Goettelmann,G"]
[Result "1-0"]
[WhiteElo "2403"]
[BlackElo "2061"]

1.Nf3 d5 2.c4 c6 3.d4 Nf6 4.Nc3 a6 5.a4 e6 6.g3 Nbd7 7.Bg2 Be7 8.O-O O-O
9.Qd3 c5 10.cxd5 exd5 11.b3 cxd4 12.Nxd4 Nc5 13.Qc2 a5 14.Ba3 Be6 15.Rfd1 Rc8
16.Qb2 Na6 17.Bxe7 Qxe7 18.Nxd5 Bxd5 19.Nf5 Qe6 20.Rxd5 Rc5 21.Nd4 Qe7 22.Rxc5 Nxc5
23.b4 axb4 24.Qxb4 Re8 25.Rc1 Nce4 26.Qxe7 Rxe7 27.Rc8+ Ne8 28.Nf5  1-0

[Event "15th Dubai Open 2013"]
[Site "Dubai UAE"]
[Date "2013.04.14"]
[Round "8.27"]
[White "Mchedlishvili,M"]
[Black "Aravindh,Chithambaram VR."]
[Result "1-0"]
[WhiteElo "2640"]
[BlackElo "2333"]

1.Nf3 d5 2.c4 e6 3.g3 Nf6 4.Bg2 d4 5.O-O Be7 6.e3 Nc6 7.d3 O-O 8.exd4 Nxd4
9.Re1 c5 10.Nxd4 cxd4 11.Nd2 a5 12.Nf3 Bb4 13.Re2 Ra6 14.Rb1 Bc5 15.b3 Qe7
16.Qd2 Rd8 17.Qb2 h6 18.h3 Ne8 19.a3 Rb6 20.Qd2 Nc7 21.Qxa5 Ra6 22.Qd2 Bxa3
23.b4 Bxc1 24.Qxc1 f6 25.Nd2 e5 26.Ne4 Ne6 27.c5 Bd7 28.b5 Ra7 29.Nd6 Bc8
30.Qc4 Kh7 31.f4 Ra3 32.fxe5 Rc3 33.Nxc8 Qf7 34.Qa2 Rxc8 35.exf6 R8xc5 36.Qxe6  1-0

[Event "23rd ch-SLO 2013"]
[Site "Sentjur SLO"]
[Date "2013.04.14"]
[Round "9.3"]
[White "Beliavsky,A"]
[Black "Sebenik,M"]
[Result "1/2-1/2"]
[WhiteElo "2637"]
[BlackElo "2527"]

1.Nf3 d5 2.c4 c6 3.e3 Nf6 4.b3 Bg4 5.Bb2 Nbd7 6.h3 Bh5 7.d3 e6 8.Nbd2 h6
9.Be2 Bd6 10.O-O O-O 11.cxd5 cxd5 12.Nd4 Bg6 13.f4 Re8 14.N2f3 a6 15.Rc1 Qe7
16.Qd2 Bh7 17.Nc2 Rac8 18.Ne5 Bb8 19.Nxd7 Nxd7 20.Bf3 Bd6 21.e4 Qh4 22.e5 Bb8
23.Bd4 Qe7 24.Ne3 Rxc1 25.Rxc1 f6 26.Ng4 fxe5 27.Nxe5 Bd6 28.Qe3 Nxe5 29.Bxe5 Bxe5
30.Qxe5 Bxd3 31.Rc7 Qf6 32.Rxb7 Rc8 33.Bg4 Qxe5 34.fxe5 Rc6 35.Kf2 Be4 36.Rd7 Kf8
37.g3 g6 38.h4 Ke8 39.Rb7 h5 40.Bd1 Bf5 41.b4 Rc3 42.Ba4+ Kd8 43.Rd7+ Kc8
44.Rd6 Kc7 45.Rxa6 Ra3 46.Bb5 Rc3 47.Be8 d4 48.Rd6 d3 49.Bb5 Rc2+ 50.Kf3 d2
51.Ke3 Rb2 52.a3 Rb3+ 53.Kxd2 Rxa3 54.Bd3 Rb3 55.Bxf5 gxf5 56.Rxe6 Rxg3 57.b5 Rg4
58.Rc6+ Kb7 59.e6 Rxh4 60.Rc3 Rg4 61.Re3 Rg8 62.Kd3 f4 63.Re5 Kc7 64.e7 Re8
65.Re4 Kd6 66.b6 Kc6 67.Re6+ Kd5 68.Re4 Kc6 69.Kd4 f3 70.Re6+ Kd7 71.Kd5 f2
72.Rf6 Rxe7 73.Rxf2 Kc8 74.Kc6 Re6+ 75.Kb5 Re1  1/2-1/2

[Event "ch-LAT 2013"]
[Site "Riga LAT"]
[Date "2013.04.15"]
[Round "4.6"]
[White "Kretainis,K"]
[Black "Visockis,J"]
[Result "1-0"]
[WhiteElo "2228"]
[BlackElo "2144"]

1.Nf3 d5 2.c4 c6 3.e3 e6 4.Nc3 Nf6 5.b3 Nbd7 6.Qc2 Be7 7.Bb2 O-O 8.d4 b6
9.Bd3 Bb7 10.cxd5 cxd5 11.Rc1 a6 12.O-O Bd6 13.Ne2 Rc8 14.Qb1 Rxc1 15.Rxc1 Qb8
16.Ng3 h6 17.Nd2 Rc8 18.Rxc8+ Qxc8 19.f4 Ng4 20.Qe1 f5 21.Nf3 Ngf6 22.Ne5 Ne4
23.Nxe4 dxe4 24.Bc4 Nf6 25.a4 Nd5 26.Qe2 Qe8 27.h3 Nc7 28.Qf1 b5 29.axb5 axb5
30.Be2 Bd5 31.Qd1 g6 32.Qc2 Kg7 33.Ba3 Qe7 34.Bc5 Bxc5 35.dxc5 Kh7 36.Qc3 Bb7
37.c6 Nd5 38.Qd4 Ba6 39.Kh2 h5 40.Nd7 h4 41.Nb6 Nxb6 42.Qxb6 Bc8 43.Qxb5 g5
44.Qe5 Qa7 45.Qf6 Qxe3 46.Qf7+ Kh8 47.Qh5+ Kg7 48.Qxg5+ Kf8 49.Bh5  1-0

[Event "ch-LAT 2013"]
[Site "Riga LAT"]
[Date "2013.04.16"]
[Round "5.14"]
[White "Indricans,Olgerts"]
[Black "Mierins,Eriks"]
[Result "0-1"]
[WhiteElo "2120"]
[BlackElo "2105"]

1.Nf3 d5 2.c4 c6 3.b3 Nf6 4.Bb2 Bf5 5.g3 Nbd7 6.Bg2 h6 7.O-O e6 8.d4 Be7
9.Nc3 O-O 10.Ne5 Nxe5 11.dxe5 Nd7 12.e4 dxe4 13.Nxe4 Nc5 14.Nxc5 Bxc5 15.Qf3 Qb6
16.g4 Bg6 17.Rfd1 Rad8 18.Qf4 Rxd1+ 19.Rxd1 Rd8 20.Rxd8+ Qxd8 21.Bf3 Qd3
22.Kg2 Bxf2 23.Kxf2 Qc2+ 24.Kg3 Qxb2 25.h4 Qc3 26.h5 Qe1+ 27.Kh2 Qf2+ 28.Kh1 Bd3  0-1

[Event "ch-POL 2013"]
[Site "Chorzow POL"]
[Date "2013.04.18"]
[Round "6.13"]
[White "Orzech,D"]
[Black "Drozdowski,K"]
[Result "1/2-1/2"]
[WhiteElo "2379"]
[BlackElo "2432"]

1.Nf3 d5 2.c4 e6 3.d4 c6 4.Nc3 dxc4 5.e3 b5 6.a4 Bb4 7.Bd2 a5 8.axb5 Bxc3
9.Bxc3 cxb5 10.b3 Bb7 11.bxc4 b4 12.Bb2 Nf6 13.Bd3 Nbd7 14.Qc2 Qc7 15.O-O Bxf3
16.gxf3 O-O 17.c5 Qc6 18.e4 e5 19.Rac1 Rac8 20.Qd2 Nh5 21.Kh1 Qf6 22.Qe3 a4
23.c6 Rxc6 24.dxe5 Qe6 25.Rxc6 Qxc6 26.Qg5 a3 27.Bd4 Qg6 28.Qh4 b3 29.Rg1 Qh6
30.Be3 Qe6 31.Qxh5 b2 32.Bd4 Rb8 33.Bb1 g6 34.Qf5 Rc8 35.Qxe6 fxe6 36.Ba2 Nc5
37.f4 Kf8 38.f5 Nxe4 39.fxe6 Rc1 40.f4 Nd2 41.f5 gxf5 42.Bc5+ Rxc5 43.Rg8+ Ke7
44.Rg7+ Ke8 45.Rg8+ Ke7 46.Rg7+ Ke8 47.Rg8+ Ke7  1/2-1/2

[Event "ch-POL 2013"]
[Site "Chorzow POL"]
[Date "2013.04.20"]
[Round "8.9"]
[White "Bulski,K"]
[Black "Drozdowski,K"]
[Result "1-0"]
[WhiteElo "2549"]
[BlackElo "2432"]

1.Nf3 d5 2.c4 c6 3.e3 Nf6 4.Nc3 a6 5.Qc2 g6 6.d4 Bg7 7.Bd3 O-O 8.O-O Bg4
9.Ne5 Be6 10.c5 Nfd7 11.Nxd7 Nxd7 12.Bd2 f5 13.f4 Nf6 14.b4 Ne4 15.a4 Bf7
16.b5 g5 17.bxa6 bxa6 18.g3 gxf4 19.gxf4 Kh8 20.Nxe4 fxe4 21.Be2 Qd7 22.Kh1 Qh3
23.Qd1 Rg8 24.Bg4 Qh6 25.Rg1 Bf6 26.Qe2 Rab8 27.Rg2 Rb2 28.Rag1 a5 29.Qd1 Ra8
30.Bc3 Rbb8 31.Qd2 Bh5 32.Qd1 Bf7 33.Be1 Rg8 34.Bf5 Rxg2 35.Rxg2 Bh4 36.Bc3 Bf6
37.Rg3 Bh5 38.Bg4 Bf7 39.Be1 Qf8 40.Rg2 Qh6 41.Kg1 Bh4 42.Bc3 e6 43.h3 Qf8
44.Kh2 Bd8 45.Qb1 Qe7 46.Be1 Bc7 47.Bg3 Rg8 48.Qe1 Bg6 49.Bh4 Qf7 50.Bg5 Rb8
51.Qh4 Kg7 52.Qh6+ Kg8 53.h4 Rb3 54.h5 Rxe3 55.hxg6 hxg6 56.Rg3 Rd3 57.Rh3 Rxh3+
58.Kxh3 e3 59.Kg2 e5 60.Qh3 e2 61.Kf2 Kg7 62.Be6 e1=B+ 63.Kxe1  1-0